[Event "HUN-chT2 Toth 1112"]
[Site "Hungary"]
[Date "2011.10.30"]
[Round "2.7"]
[White "Gardo, Jozsef"]
[Black "Gonczol, Gabor"]
[Result "1-0"]
[WhiteElo "1891"]
[BlackElo "1870"]
[PlyCount "115"]
[EventDate "2011.09.25"]
[EventType "team-tourn"]
[EventRounds "11"]
[EventCountry "HUN"]
[SourceTitle "EXT 2013"]
[Source "ChessBase"]
[SourceDate "2012.11.22"]
[SourceVersion "1"]
[SourceVersionDate "2012.11.22"]
[SourceQuality "1"]
[WhiteTeam "Abony"]
[BlackTeam "Keviterv"]
[WhiteTeamCountry "HUN"]
[BlackTeamCountry "HUN"]

1. e4 e5 2. Nf3 Nc6 3. Bb5 a6 4. Ba4 Nf6 5. 0-0 Be7 6. Re1 b5 7. Bb3 0-0 8. h3 Bb7 9. c3 d6 10. d4 exd4 11. cxd4 Na5 12. Bc2 c5 13. Nbd2 Re8 14. Nf1 h6 15. Ng3 Bf8 16. Bf4 Nc4 17. Qc1 Qb6 18. b3 Na5 19. Qd2 Nc6 20. Be3 Qc7 21. Rac1 Rad8 22. Bb1 Na5 23. Bf4 Qb6 24. d5 Bc8 25. Qc2 g6 26. Qd2 Kh7 27. Be3 b4 28. Nh2 Bg7 29. f4 Qb8 30. Qe2 Nd7 31. Qf3 Nf8 32. f5 Nd7 33. Ng4 h5 34. fxg6+ fxg6 35. Nxh5 Rf8 36. Nf4 Ne5 37. Nxe5 dxe5 38. Rxc5 Nxb3 39. axb3 exf4 40. Bf2 Bc3 41. Rd1 Rf6 42. Kh1 Re8 43. Bd4 Bxd4 44. Rxd4 Qe5 45. Rdc4 Bd7 46. Rxb4 Bb5 47. Kh2 Qb2 48. Qg4 Ref8 49. Rc7+ R8f7 50. Rxf7+ Rxf7 51. Qe6 Kg7 52. e5 Bf1 53. Qg4 Qxb1 54. e6 Rf5 55. Rb7+ Kf6 56. Qh4+ g5 57. Qh8+ Kg6 58. Qg7+ 1-0

[Event "HUN-chT2 Erkel 0708"]
[Site "Hungary"]
[Date "2008.03.16"]
[Round "8"]
[White "Gonczol, Gabor"]
[Black "Babucs, Illes"]
[Result "1/2-1/2"]
[WhiteElo "1913"]
[BlackElo "1812"]
[PlyCount "23"]
[EventDate "2007.10.14"]
[EventType "team"]
[EventRounds "11"]
[EventCountry "HUN"]
[SourceTitle "EXT 2009"]
[Source "ChessBase"]
[SourceDate "2008.11.26"]
[SourceVersion "1"]
[SourceVersionDate "2008.11.26"]
[SourceQuality "1"]
[WhiteTeam "Ujszasz"]
[BlackTeam "Jaszbereny"]
[WhiteTeamCountry "HUN"]
[BlackTeamCountry "HUN"]

1. e4 e6 2. d4 d5 3. Nc3 Nf6 4. e5 Nfd7 5. f4 c5 6. Nf3 cxd4 7. Nxd4 Nc6 8. Bb5 Nxd4 9. Qxd4 a6 10. Bxd7+ Bxd7 11. 0-0 Rc8 12. Qd3 1/2-1/2

[Event "HUN-chT2 Erkel 0708"]
[Site "Hungary"]
[Date "2008.02.17"]
[Round "6"]
[White "Gonczol, Gabor"]
[Black "Matuska, Miklos"]
[Result "1-0"]
[WhiteElo "1913"]
[BlackElo "2009"]
[PlyCount "123"]
[EventDate "2007.10.14"]
[EventType "team"]
[EventRounds "11"]
[EventCountry "HUN"]
[SourceTitle "EXT 2009"]
[Source "ChessBase"]
[SourceDate "2008.11.26"]
[SourceVersion "1"]
[SourceVersionDate "2008.11.26"]
[SourceQuality "1"]
[WhiteTeam "Ujszasz"]
[BlackTeam "Foti"]
[WhiteTeamCountry "HUN"]
[BlackTeamCountry "HUN"]

1. e4 c5 2. Nf3 d6 3. c3 Nf6 4. Qc2 Nc6 5. d4 cxd4 6. cxd4 Bg4 7. Be3 Qa5+ 8. Nc3 e5 9. Bb5 Bxf3 10. gxf3 a6 11. Bxc6+ bxc6 12. Qa4 Qxa4 13. Nxa4 Rb8 14. dxe5 dxe5 15. Rc1 Bb4+ 16. Ke2 Kd7 17. Rhd1+ Kc7 18. f4 Rhe8 19. f3 Bd6 20. fxe5 Bxe5 21. Rc2 Nh5 22. Nc5 Rxb2 23. Rd7+ Kc8 24. Rxb2 Bxb2 25. Rxf7 Be5 26. Nxa6 Bxh2 27. Nc5 h6 28. a4 Bc7 29. Na6 Bd6 30. Nc5 Re7 31. Rf8+ Kc7 32. a5 Rxe4 33. fxe4 Bxf8 34. Ne6+ Kb7 35. Nxf8 Ka6 36. Bd2 g5 37. e5 Ng7 38. e6 Nf5 39. Kf2 h5 40. Ng6 Nd6 41. e7 c5 42. Ne5 Kb5 43. Nd7 Ne8 44. Kf3 g4+ 45. Kg3 Kc6 46. Ne5+ Kb5 47. Kh4 Ng7 48. Kg5 g3 49. Nf3 g2 50. Kg6 Ne8 51. Kxh5 Kc6 52. Kg6 c4 53. Kf7 Nd6+ 54. Kf8 Kd7 55. a6 Kc6 56. a7 Kb7 57. Be3 c3 58. Ne1 Ka8 59. Nxg2 c2 60. Nf4 c1Q 61. Bxc1 Kxa7 62. Ba3 1-0

[Event "HUN-chT2 Erkel 0708"]
[Site "Hungary"]
[Date "2007.12.09"]
[Round "4"]
[White "Rozsa, Zoltan"]
[Black "Gonczol, Gabor"]
[Result "1-0"]
[WhiteElo "1980"]
[BlackElo "1913"]
[PlyCount "89"]
[EventDate "2007.10.14"]
[EventType "team"]
[EventRounds "11"]
[EventCountry "HUN"]
[SourceTitle "EXT 2009"]
[Source "ChessBase"]
[SourceDate "2008.11.26"]
[SourceVersion "1"]
[SourceVersionDate "2008.11.26"]
[SourceQuality "1"]
[WhiteTeam "Vaci"]
[BlackTeam "Ujszasz"]
[WhiteTeamCountry "HUN"]
[BlackTeamCountry "HUN"]

1. e4 e5 2. Nf3 Nc6 3. Bb5 a6 4. Ba4 Nf6 5. 0-0 Be7 6. Re1 b5 7. Bb3 0-0 8. c3 d5 9. exd5 Nxd5 10. Nxe5 Nxe5 11. Rxe5 c6 12. Bxd5 cxd5 13. d4 Bd6 14. Re1 Qh4 15. g3 Qh3 16. Qf3 Be6 17. Be3 Rae8 18. Nd2 f5 19. Bf4 Bxf4 20. Qxf4 Rf6 21. Re5 h6 22. Rae1 g5 23. Qf3 Kf7 24. Qg2 Qh5 25. f3 f4 26. g4 Qg6 27. Nb3 h5 28. h3 hxg4 29. hxg4 Rc8 30. Nc5 Rc6 31. Qe2 Qh6 32. Nxe6 Rcxe6 33. Rxe6 Rxe6 34. Qxe6+ Qxe6 35. Rxe6 Kxe6 36. Kf2 Kd6 37. Ke2 Kc6 38. Kd3 a5 39. Kc2 a4 40. b3 Kb6 41. Kb2 Ka5 42. Ka3 axb3 43. Kxb3 Ka6 44. Kb4 Kb6 45. a3 1-0

[Event "HUN-chT2 Erkel 0506"]
[Site "Hungary"]
[Date "2006.02.26"]
[Round "8"]
[White "Nemeth, Laszlo1111"]
[Black "Gonczol, Gabor"]
[Result "1-0"]
[WhiteElo "1980"]
[BlackElo "1948"]
[PlyCount "61"]
[EventDate "2005.10.16"]
[EventType "team"]
[EventRounds "11"]
[EventCountry "HUN"]
[SourceTitle "EXT 2009"]
[Source "ChessBase"]
[SourceDate "2008.11.26"]
[SourceVersion "1"]
[SourceVersionDate "2008.11.26"]
[SourceQuality "1"]
[WhiteTeam "Paszto"]
[BlackTeam "Ujszasz"]
[WhiteTeamCountry "HUN"]
[BlackTeamCountry "HUN"]

1. b4 d5 2. Bb2 Nf6 3. e3 e6 4. b5 c5 5. c4 b6 6. Nf3 Be7 7. Be2 Bb7 8. 0-0 0-0 9. Qc2 Nbd7 10. d4 Rc8 11. Nbd2 cxd4 12. Bxd4 Qc7 13. Rac1 e5 14. Bb2 Rfe8 15. Qf5 g6 16. Qh3 Qb8 17. Rfd1 e4 18. Ng5 Bf8 19. Ndxe4 h6 20. Nxf6+ Nxf6 21. Bxf6 Qd6 22. Bd4 Bg7 23. Nf3 Rc7 24. Qg3 Qe7 25. cxd5 Rxc1 26. Rxc1 Bxd5 27. Bxg7 Kxg7 28. Qc7 Qa3 29. Qc3+ Qxc3 30. Rxc3 Re7 31. a3 1-0